000 00855nam a2200253 a 4500
001 20289
003 BD-RjUL
005 20211209000538.0
008 140227r19531928enk 000 1 eng d
035 _a(BD-RjUL)20351
040 _aNZOC
_beng
_cNZOC
_dNZOC
_dBD-RjUL
041 _aeng
082 _a823.4
_bBUG 1953
100 1 _aBunyan, John,
_d1628-1688.
_961052
245 1 0 _aGrace abounding, &, The life and death of Mr. Badman /
_cJohn Bunyan
260 _aLondon :
_bDent,
_c1953.
300 _axiii, 304 p. ;
_c18 cm.
500 _aReprint of the ed. originally published London : Dent, 1928.
600 _aBunyan, John, --
_d1628-1688.
_962538
700 1 2 _aBunyan, John,
_d1628-1688.
_tLife and death of Mr. Badman.
_962528
942 _2ddc
_cBK
999 _c20289
_d20289